000 00464nam a2200181Ia 4500
001 8962
005 20260306160648.0
008 260306t2012||||xx |||||||||||||| ||spa||
041 _aESP
082 _a372.1
_bR31
100 _aRenom Plana, Agnés
_eAUT
245 0 _aEducación emocional. Programa para educación primaria (6 - 12 años)
260 _c2012
300 _a294 páginas :
_c24 cm.
650 _aGEN
654 _aCED
942 _cLIB
_dJUS
_fJUS
_2ddc
_n
999 _c8962
_d8962